00682nam a2200217Ia 4500003000900000008004100009040001300050040001300063041000800076100002100084245008800105250001000193260000800203260000900211300001100220300001200231490001800243490000700261600017500268700002100443IT-RoPAU120407s9999 xx 000 0 und d aIT-RoPAU cIT-RoPAU aita aEugen Ruckstuhl  aLa risurrezione di Gesù Cristo. Realtà storica e salvifica e centro della fede  aRoma  aAve c1971 a164 p. c21,5 cm aTeologia oggi v16 a"Tit. orig.:Die Aufersthug Jesu Christi . Trad. L. Tosti. 1. Gesù Cristo, Resurrezione I- Pfammatter, Josef II -Tosti Luciano 232.5 BNI 72-108" aJosef Pfammatter